00497nam a2200169Ia 4500003000400000008004100004040001600045082001800061100001800079245010900097700001600206260004000222300001000262650001400272650001500286650002600301GCL140319s9999 xx 000 0 eng d aGCL / cGCL04a574.5222bW I1 aWAYNE, LANDIS10aINTRODUCTION TO ENVIRONMENTAL TOXICOLOGY: IMPACTS OF CHEMICALS UPON ECOLOGICAL SYSTEMS / cWAYNE, LANDIS1 aHO YU, MING a[S.N] : bLEWIS PUBLISHRS ، c1995 a328 P04aPOLLUTION04aTOXICOLOGY04aENVIRONMENTAL ASPECTS